MDQL
is popping MORE tags! Check the
thread
!
Quizzes
Events
Quiz Creation
Community
Videos
Private Events
Remove Ads
Sign In
Join for FREE
Feedback
Dark Mode
Quiz Categories
Sports
Geography
Music
Movies
Television
Just For Fun
Miscellaneous
History
Literature
Language
Science
Gaming
Entertainment
Religion
Holiday
For Kids
Quiz Lab
Recent
Popular Today
Quiz Kudos Today
Editor Picks
Curator Picks
Quizzes by...
Day
Popularity
Type
Ratings
Length
Year
Community
Subscriptions
Recent Discussions
Orange Saloon
Badges
Playlists
Quests
Create
Leaderboards
Showdown
Live 5
Trivia Bingo
Activity
Puzzle Library
Sporcle Events
Private Events
Virtual Trivia
Globe League
Become a Host
Pub Owners
SporcleCon
Opinionation
Our Games
Videos
Blog
Mobile Apps
Partnerships
Remove Ads and Go Orange
Feedback
Sports
Athletes
MLB
NBA
NHL
NFL
Soccer
Sports Teams
WWE
NCAA
Football
Premier League
Basketball
Baseball
Hockey
Golf
Tennis
Cricket
Rugby
Auto Racing
Olympics
World Cup
Sports
Athletes
MLB
NBA
NHL
NFL
Soccer
Sports Teams
WWE
NCAA
Football
Premier League
Basketball
Baseball
Hockey
Golf
Tennis
Cricket
Rugby
Auto Racing
Olympics
World Cup
Random Quiz
Search Sporcle
×
Quiz Lab
Quiz Lab
Sports
Player
Type in answers that appear in a list
Type in answers that appear in a list
Classic
Best Score? Go Orange.
Ukraine Squad: Euro 2012 Stats
Can you name the all the 23 players on the Ukraine Squad for Euro 2012?
By
JonnyChamp
8m
23 Questions
71 Plays
71 Plays
71 Plays
Comments
Comments
Give Quiz Kudos
Give Quiz Kudos
-
- Ratings
hide this ad
Replay
Link that replays current quiz
Next Quiz
Link to next quiz in quiz playlist
You Got
0%
They Got
Avg Score
53%
Avg Friend Score
Upgrade to see
Score Distribution
Jump to the score distribution portion of the page
Score
0/23
Timer
08:00
0
Plays Today
Position
Player
% Correct
Striker
Andriy Shevchenko
93%
Goalkeeper
Andriy Pyatov
90.1%
Midfielder
Andriy Yarmolenko
70.4%
Striker
Andriy Voronin
69%
Midfielder
Yevhen Konoplyanka
64.8%
Defender
Yevhen Khacheridi
63.4%
Midfielder
Serhiy Nazarenko
57.7%
Midfielder
Anatoliy Tymoshchuk
57.7%
Defender
Vyacheslav Shevchuk
54.9%
Midfielder
Ruslan Rotan
54.9%
Striker
Artem Milevskiy
53.5%
Defender
Olexandr Kucher
52.1%
Position
Player
% Correct
Midfielder
Oleh Gusev
52.1%
Striker
Marko Devic
52.1%
Defender
Yaroslav Rakitskiy
50.7%
Striker
Yevhen Seleznyov
50.7%
Midfielder
Denys Garmash
46.5%
Goalkeeper
Maxym Koval
42.3%
Defender
Yevhen Selin
42.3%
Goalkeeper
Oleksandr Goryainov
39.4%
Defender
Bohdan Butko
35.2%
Midfielder
Olexandr Aliyev
31%
Defender
Taras Mikhalik
14.1%
Quiz Playlist
Details
Report
Send in Message
Add To Playlist
Classic:
Type in answers that appear in a list
Quiz Source
Last Updated: Feb 16, 2017
Quiz Scoreboard
CHALLENGE
Sign Up to Join the Scoreboard
Show All
Scores
Hide
Comments
May contain spoilers
Recently Published
Image Sorting: Flags VI
by Barbecue
Geography
2m
Find the 'City' Movie
by crazypaving
Movies
60s
Colored Red Africa Blitz
by spor1
Geography
45s
More to Explore
Quiz From the Vault
Featured Blog Post
14 Easter Pick-up Lines to Find Eggs With
hide this ad
You Might Also Like...
Tags
2012
club
Euro 2012
Player
Squad
team
Ukraine
Today's Top Quizzes in Sports
Browse Sports
hide this ad
Today's Top Quizzes in Player
Browse Player
Top Contributed Quizzes in Sports
1
Les meilleurs buteurs des matchs entre le PSG et l’OM
2
Les entraîneurs de l'OM et du PSG au 21e siècle
3
2022 World Cup Stars
4
Les joueurs passés par le PSG et l'OM
5
Players with Multiple 50 Home Run Seasons
6
Criteria MLB: Left Handed Sluggers
7
FIFA Club World Cup Champions
8
Les joueurs passés par le LOSC et le RC Lens
9
NBA Logic Puzzle 2.0
10
Top 10 NHL Goal Scorers of All Time
Explore More
Trending Topics
Marvel
Harry Potter
Anime
NBA
Crossword
Disney
Kpop
WWE
The Office
Soccer
Puzzle
Pokémon
Song
NFL
Country
hide this ad
More By:
JonnyChamp
Quiz
Plays
Rating
Category
Featured
Created
Fast and Furious Movies
27,510
4.03
Movies
May 2, 2011
UEFA Champions Starting: Tottenham Hotspurs
790
3.00
Sports
Jun 10, 2011
Germany Squad: Euro 2012
501
4.25
Sports
May 28, 2012
UEFA Euro Cup Champions
368
3.75
Sports
Mar 27, 2011
Netherlands Squad: Euro 2012
361
3.50
Sports
May 28, 2012
Go to Creator's Profile
Score Distribution
Quiz Creator Spotlight
JonnyChamp
Follow
Send a Message
Quizzes Created
-
Created Quiz Play Count
-
More By This Creator
Popular Quizzes Today
1
Colored Red Africa Blitz
2
Find the US States - No Outlines Minefield
3
Find the 'City' Movie
4
5x2 Blitz: Bands
5
The Countries of the World
6
Find the US States
7
Find the Countries of Europe - No Outlines Minefield
8
US States
More Sports Quizzes
I Didn't Play For Them (Premier League)
Published
Trending Quizzes
Colored Red Europe Blitz I
Colored Red Africa Blitz II
Colored Red Europe Blitz II
Colored Red Africa Blitz III
Colored Red Europe Blitz III
Recently Updated
How Do You Spell That?
pecheneg
Godzilla Movies
pecheneg
Grab Bag: 4-10 Letters
pecheneg
2024 March Madness Bracket
pecheneg
Famous TV Couples
Peacemaker
Champions League XIs: Real Madrid
pecheneg
Largest US Cities 1790-2010
pecheneg
Rides in Walt Disney World
pecheneg
Most Oscar Losses (Acting)
pecheneg
Beyoncé Albums
pecheneg
Trending Topics
Kpop
Crossword
Harry Potter
Anime
NBA
Disney
Marvel
Soccer
Song
NFL
WWE
Country
Puzzle
Pokémon
The Office
Your Account Isn't Verified!
In order to create a playlist on Sporcle, you need to verify the email address you used during registration. Go to your
Sporcle Settings
to finish the process.
Report this User
Report this user for behavior that violates our
Community Guidelines
.
Details:
Send Report
Go to the Sporcle.com Mobile Site →
Comments